Rois de Chypre - Statistiques

Statistiques générales
  • Ce quiz a été pris 17 fois
  • Le résultat moyen est 11 sur 19
Statistiques - réponses
Maison Règne Roi % Correct
Lusignan 1192-1194 Guy de Lusignan
83%
1284-1285 Jean Ier
75%
1432-1458 Jean II
75%
1218-1253 Henri Ier
58%
1285-1306 Henri II
58%
1310-1324 Henri II
58%
1382-1398 Jacques Ier
58%
1464-1473 Jacques II
58%
1473-1474 Jacques III
58%
1359-1369 Pierre Ier
58%
1369-1382 Pierre II
58%
1474-1489 Catherine Cornaro
50%
1205-1218 Hugues Ier
50%
1253-1267 Hugues II
50%
Poitiers-Lusignan 1267-1284 Hugues III
50%
1324-1359 Hugues IV
50%
1398-1432 Janus de Lusignan
50%
1458-1464 Charlotte de Lusignan
33%
1194-1205 Aimery Ier
17%
Aucun quiz correspondant
Distribution des résultats
% des personnes avec chaque résultat
Percentile par nombre de réponses
Votre historique - résultats
Vous n’avez pas pris ce quiz